Comunicado económico conjunto de la Comunidad Europea y los países parte del Tratado General de Integración Económica Centroamericana y Panamá

保存先:
書誌詳細
フォーマット: テキスト
出版事項: Bruselas: CEE
タグ: タグ追加
タグなし, このレコードへの初めてのタグを付けませんか!

MARC

LEADER 00000 a a2200000 04500
001 24135
003
040 |a CRAI/IIS  |c CRAI/IIS 
090 |a 170800  
245 |a Comunicado económico conjunto de la Comunidad Europea y los países parte del Tratado General de Integración Económica Centroamericana y Panamá  
260 |a Bruselas:   |b CEE  
300 |a 14 p.  
999 |c 3678  |d 3678